| 000 | 00872cam a2200229 4500 | ||
|---|---|---|---|
| 001 | ABS62683 | ||
| 008 | 000000n2000 000 0 eng u | ||
| 035 | _a(Sirsi) u107950 | ||
| 100 | _aFenn, P. | ||
| 245 | _aReview of international practice on the allocation of risk of ground conditions | ||
| 260 | _c2000 | ||
| 490 |
_aInternational Construction Law Review _v17(3) July 2000, 448-453(7) |
||
| 520 | _aA review of international practice on the allocation of risk of ground conditions in standard construction contracts. Reports on a survey of international practice and procedure in 20 countries. | ||
| 590 | _aABS | ||
| 650 | _aSTANDARD FORMS OF CONTRACT | ||
| 650 | _aGROUND CONDITIONS | ||
| 650 | _aRISK ASSESSMENT | ||
| 650 | _aRISK ALLOCATION | ||
| 650 | _aCONSTRUCTION PROJECTS | ||
| 690 | _aBUILT ENVIRONMENT-BUILDING CONTRACT FORMS | ||
| 942 | _n0 | ||
| 999 |
_c64485 _d64485 |
||